[Event "XXVI. Rhein-Main-Open, Gruppe A"]
[Site "Bad Homburg vor der Höhe"]
[Date "2024.05.29"]
[Round "3"]
[White "Schulze, Fabian"]
[Black "Sreeramulu, Aarush"]
[Result "1-0"]
[WhiteElo "1790"]
[BlackElo "1887"]
[PlyCount "67"]
[EventDate "2024.??.??"]
[WhiteTeam "SC Steinbach"]
[BlackTeam "SK Marburg 1931/72"]

1. d4 d5 2. c3 Nf6 3. Nf3 Bf5 4. Bf4 e6 5. e3 c5 6. Bxb8 Rxb8 7. Bb5+ Ke7 8. dxc5 Bxb1 9. Rxb1 Qa5 10. a4 Ne4 11. b4 Qc7 12. Qc2 g6 13. Bd3 Nf6 14. c4 Bg7 15. O-O Rhd8 16. Rfd1 Kf8 17. Be2 a5 18. bxa5 Qxc5 19. Rb5 Qc7 20. c5 Ne4 21. Nd4 Rdc8 22. Rc1 Ra8 23. f3 Nf6 24. Qb1 Bh6 25. f4 Ne4 26. c6 Bxf4 27. exf4 Qxf4 28. Nxe6+ fxe6 29. Rf1 Nf2 30. Rxf2 Qxf2+ 31. Kxf2 bxc6 32. Rb7 Kg8 33. Qb2 Rf8+ 34. Kg1 1-0

[Event "XXVI. Rhein-Main-Open, Gruppe A"]
[Site "Bad Homburg vor der Höhe"]
[Date "2024.05.29"]
[Round "3"]
[White "Shanawaz Thabrez, Shahzaib"]
[Black "Drill, Frank"]
[Result "0-1"]
[WhiteElo "1822"]
[BlackElo "2013"]
[PlyCount "42"]
[EventDate "2024.??.??"]
[WhiteTeam "SK Langen"]
[BlackTeam "SF Neuberg"]

1. e4 Nc6 2. Nf3 d5 3. exd5 Qxd5 4. Nc3 Qa5 5. Be2 Nf6 6. O-O Bg4 7. d3 e6 8. Bd2 Qh5 9. h3 Bd6 10. hxg4 Nxg4 11. g3 Qh3 12. Ne4 Nd4 13. Re1 Bxg3 14. fxg3 f5 15. Be3 fxe4 16. Bxd4 Qxg3+ 17. Kf1 O-O 18. Bg1 exf3 19. Bxf3 Rxf3+ 20. Ke2 Qg2+ 21. Bf2 Qxf2# 0-1

[Event "XXVI. Rhein-Main-Open, Gruppe A"]
[Site "Bad Homburg vor der Höhe"]
[Date "2024.05.29"]
[Round "3"]
[White "Soppa, Christoph"]
[Black "Knuplesch, Ulrich"]
[Result "1-0"]
[WhiteElo "1949"]
[BlackElo "1725"]
[PlyCount "143"]
[EventDate "2024.??.??"]
[WhiteTeam "SSG Hungen-Lich"]
[BlackTeam "SK Bad Homburg 1927"]

1. d4 d5 2. c4 c6 3. cxd5 cxd5 4. Nc3 Nc6 5. Bf4 a6 6. e3 Nf6 7. Bd3 e6 8. Rc1 Bd6 9. Nge2 O-O 10. O-O h6 11. Na4 Rb8 12. a3 Ne7 13. b4 b6 14. Qb3 Bb7 15. Rc2 Ng6 16. Bg3 Rc8 17. Rxc8 Bxc8 18. Rc1 Bb7 19. f3 Re8 20. Qc2 Nf8 21. Bxd6 Qxd6 22. Qc7 Qxc7 23. Rxc7 Rb8 24. Nxb6 Ne8 25. Rc2 Nd6 26. Na4 Nb5 27. Bxb5 axb5 28. Nc5 Rc8 29. Nc3 Bc6 30. Nd3 Be8 31. Kf2 Nd7 32. Rc1 Nb6 33. Nb1 Nc4 34. Ne5 Ra8 35. Nxc4 dxc4 36. e4 f6 37. Ke3 Bg6 38. Rc3 Kf8 39. Nd2 Ke7 40. h4 Ra6 41. g4 Kd6 42. Nb1 Be8 43. Rc2 Ra7 44. Ra2 Bd7 45. Nc3 Ra8 46. Nb1 Be8 47. Kd2 Bc6 48. Nc3 Bd7 49. Kc2 Be8 50. Kb2 Bd7 51. Ra1 Be8 52. Rg1 Ra7 53. g5 Rb7 54. f4 Kc6 55. gxh6 gxh6 56. Rg8 Re7 57. Rf8 Bf7 58. Rb8 Rb7 59. Rxb7 Kxb7 60. Nxb5 Kc6 61. a4 Bh5 62. Nc3 Bf3 63. Ka3 e5 64. fxe5 fxe5 65. d5+ Kb6 66. a5+ Ka6 67. Ka4 Bg4 68. b5+ Ka7 69. Kb4 Bd7 70. Kxc4 h5 71. Kc5 Bc8 72. Kd6 1-0

[Event "XXVI. Rhein-Main-Open, Gruppe A"]
[Site "Bad Homburg vor der Höhe"]
[Date "2024.05.29"]
[Round "3"]
[White "Steigleder, Maximilian"]
[Black "Zimmer, Gerald"]
[Result "0-1"]
[WhiteElo "1718"]
[BlackElo "1944"]
[PlyCount "52"]
[EventDate "2024.??.??"]
[WhiteTeam "Sfr.1932 Kelkheim"]
[BlackTeam "SC Bergen-Enkheim 1922"]

1. e4 e6 2. Nf3 d5 3. Nc3 Nf6 4. e5 Nfd7 5. d4 c5 6. Ne2 cxd4 7. Nexd4 Nc6 8. Bb5 Qc7 9. Bf4 Be7 10. O-O h6 11. h3 a6 12. Nxc6 bxc6 13. Be2 Qb6 14. Qd3 a5 15. c4 Ba6 16. Qc2 O-O 17. h4 Rab8 18. Rab1 Qb4 19. g4 dxc4 20. Rfd1 Nc5 21. h5 Nd3 22. Be3 Rfd8 23. Nd4 Rbc8 24. Nxc6 Rxc6 25. Bxd3 cxd3 26. Qxc6 Bb7 0-1

[Event "XXVI. Rhein-Main-Open, Gruppe A"]
[Site "Bad Homburg vor der Höhe"]
[Date "2024.05.29"]
[Round "3"]
[White "Thomas, Tobias"]
[Black "Dubiel, Jacek"]
[Result "0-1"]
[WhiteElo "1967"]
[BlackElo "2367"]
[PlyCount "76"]
[EventDate "2024.??.??"]
[WhiteTeam "SK Langen"]
[BlackTeam "SV Oberursel"]

1. c4 e6 2. g3 Nf6 3. Bg2 d5 4. Nf3 Be7 5. O-O O-O 6. b3 d4 7. e3 c5 8. Bb2 Nc6 9. exd4 cxd4 10. Re1 Re8 11. d3 Bf8 12. Na3 e5 13. Nc2 a5 14. a3 Bf5 15. Qd2 Qb6 16. Rab1 Qxb3 17. Bf1 Qa4 18. Be2 Rad8 19. Bd1 Qb3 20. Be2 Qa2 21. Qc1 e4 22. Ra1 Qb3 23. Nfxd4 Nxd4 24. Nxd4 Rxd4 25. Bxd4 exd3 26. Bf3 d2 27. Qxd2 Rxe1+ 28. Rxe1 Qxf3 29. Re3 Qc6 30. Bxf6 Qxf6 31. Qxa5 Bd7 32. Qc3 Qf5 33. Qd3 Qh3 34. Qf1 Qh6 35. h4 Bc6 36. Rd3 Qe6 37. Re3 Qf6 38. Qd3 Bc5 0-1

[Event "XXVI. Rhein-Main-Open, Gruppe A"]
[Site "Bad Homburg vor der Höhe"]
[Date "2024.05.29"]
[Round "3"]
[White "Uneken, Bert"]
[Black "Bach, Oliver"]
[Result "1/2-1/2"]
[WhiteElo "1837"]
[BlackElo "1805"]
[PlyCount "106"]
[EventDate "2024.??.??"]
[BlackTeam "Sabt Frankfurter TV 1860"]

1. d4 d5 2. c4 c6 3. Nc3 Nf6 4. Bg5 e6 5. cxd5 exd5 6. Qc2 Be7 7. e3 Nbd7 8. Bd3 h6 9. Bh4 a5 10. Nge2 Nh5 11. Bxe7 Qxe7 12. O-O O-O 13. a3 Re8 14. Rab1 Nf8 15. b4 axb4 16. axb4 Qg5 17. b5 Bh3 18. Ng3 Nxg3 19. hxg3 Bd7 20. bxc6 Bxc6 21. Bb5 Rec8 22. Bxc6 bxc6 23. Na4 Rc7 24. Nb6 Rb8 25. Nxd5 Rxb1 26. Nxc7 Rxf1+ 27. Kxf1 Qg6 28. Qxg6 Nxg6 29. Na6 f5 30. Nb4 Ne7 31. Ke2 Kf7 32. Kd3 Ke6 33. Kc4 Kd6 34. f3 Ng8 35. e4 fxe4 36. fxe4 Ne7 37. e5+ Kd7 38. g4 g6 39. Nd3 Nd5 40. Kc5 Ne3 41. Nb4 Nxg2 42. Nxc6 h5 43. d5 Nf4 44. gxh5 gxh5 45. Nd4 Nd3+ 46. Kc4 Nxe5+ 47. Kc3 h4 48. Nf5 h3 49. Kd4 Ng4 50. Ke4 h2 51. Ng3 Nf6+ 52. Kf3 Kd6 53. Kg2 Ng4 1/2-1/2

[Event "XXVI. Rhein-Main-Open, Gruppe A"]
[Site "Bad Homburg vor der Höhe"]
[Date "2024.05.29"]
[Round "3"]
[White "von Auer, Ulrich"]
[Black "Milov, Leonid"]
[Result "0-1"]
[WhiteElo "1981"]
[BlackElo "2424"]
[PlyCount "64"]
[EventDate "2024.??.??"]
[WhiteTeam "SV Oberursel"]
[BlackTeam "SC Noris-Tarrasch Nürnberg 1873"]

1. d4 f5 2. Bg5 g6 3. Nc3 Bg7 4. h4 h6 5. Bf4 Nf6 6. e3 d6 7. Bc4 Nc6 8. a3 e6 9. Qf3 a6 10. Nge2 Qe7 11. O-O-O Bd7 12. Bh2 g5 13. hxg5 hxg5 14. e4 f4 15. g3 g4 16. Qd3 f3 17. Nf4 Rh6 18. e5 dxe5 19. Ng6 Qd6 20. dxe5 Nxe5 21. Nxe5 Qxe5 22. Rhe1 Qg5+ 23. Kb1 O-O-O 24. Bxe6 Rxh2 25. Ne4 Qb5 26. c4 Qb6 27. Nxf6 Bxf6 28. Bxd7+ Kb8 29. Rd2 Rxf2 30. Re8 Rxe8 31. Bxe8 Rxd2 32. Qxd2 f2 0-1

[Event "XXVI. Rhein-Main-Open, Gruppe A"]
[Site "Bad Homburg vor der Höhe"]
[Date "2024.05.30"]
[Round "4"]
[White "Akhmatovski, Maxim"]
[Black "Hagner, Bennet"]
[Result "0-1"]
[WhiteElo "2101"]
[BlackElo "2314"]
[PlyCount "126"]
[EventDate "2024.??.??"]
[WhiteTeam "SV Oberursel"]
[BlackTeam "OSG Baden-Baden"]

1. d4 Nf6 2. c4 e6 3. Nf3 a6 4. g3 b5 5. b3 Bb7 6. Bg2 c5 7. e3 Qc7 8. Nbd2 cxd4 9. exd4 d5 10. c5 Nc6 11. O-O g6 12. Re1 Bg7 13. Nf1 Ne4 14. Bf4 Qd8 15. Rc1 O-O 16. h4 b4 17. Ne3 h6 18. Nc2 a5 19. a4 Ba6 20. Bf1 Bxf1 21. Kxf1 g5 22. hxg5 hxg5 23. Rxe4 dxe4 24. Nxg5 Qf6 25. Qh5 Qh6 26. Qxh6 Bxh6 27. Nxe6 fxe6 28. Bxh6 Rfd8 29. Rd1 Rd5 30. Bf4 e5 31. Bxe5 Nxe5 32. Ne3 Rad8 33. Nxd5 Rxd5 34. Ke2 Nd7 35. c6 Nb6 36. Ke3 Rd6 37. Kxe4 Rxc6 38. d5 Rc3 39. Rd3 Kf7 40. f4 Ke7 41. g4 Kd6 42. f5 Rxd3 43. Kxd3 Kxd5 44. g5 Nd7 45. f6 Nc5+ 46. Kc2 Ke6 47. Kb2 Ne4 48. Kc2 Nxg5 49. Kd3 Kd5 50. Ke3 Nf7 51. Kd3 Nd8 52. Ke3 Ke5 53. Kd3 Kxf6 54. Kc4 Ke5 55. Kb5 Nb7 56. Ka6 Kd4 57. Kxb7 Kc3 58. Kb6 Kxb3 59. Kxa5 Kc4 60. Kb6 b3 61. a5 b2 62. a6 b1=Q+ 63. Kc7 Kc5 0-1

[Event "XXVI. Rhein-Main-Open, Gruppe A"]
[Site "Bad Homburg vor der Höhe"]
[Date "2024.05.30"]
[Round "4"]
[White "Bach, Oliver"]
[Black "Sassmannshausen, Mark"]
[Result "0-1"]
[WhiteElo "1805"]
[BlackElo "1939"]
[PlyCount "80"]
[EventDate "2024.??.??"]
[WhiteTeam "Sabt Frankfurter TV 1860"]
[BlackTeam "SV Oberursel"]

1. d4 Nf6 2. Nf3 g6 3. c4 Bg7 4. Nc3 d5 5. cxd5 Nxd5 6. e4 Nxc3 7. bxc3 c5 8. Be3 O-O 9. Be2 Nc6 10. O-O Qc7 11. Rb1 Rd8 12. d5 b6 13. Qc1 Ne5 14. h3 f5 15. Bf4 Nxf3+ 16. Bxf3 Be5 17. Bxe5 Qxe5 18. exf5 Bxf5 19. Rb2 Rac8 20. Re1 Qf6 21. Rbe2 Rd7 22. c4 Bxh3 23. gxh3 Qxf3 24. Rxe7 Rf8 25. Qb2 Rxe7 26. Rxe7 Qd1+ 27. Kh2 Qd4 28. Qxd4 cxd4 29. Re2 Rc8 30. Rd2 Rxc4 31. Kg3 Kf7 32. Kf4 Ke7 33. Ke5 b5 34. d6+ Kd7 35. Kd5 Rc6 36. Rd3 Rxd6+ 37. Kc5 a6 38. Rf3 d3 39. Rf7+ Ke6 40. Rf3 d2 0-1

[Event "XXVI. Rhein-Main-Open, Gruppe A"]
[Site "Bad Homburg vor der Höhe"]
[Date "2024.05.30"]
[Round "4"]
[White "Baranyai Molnar, Adam Kristof"]
[Black "Faqiry, Ramat"]
[Result "1-0"]
[WhiteElo "2056"]
[BlackElo "1982"]
[PlyCount "69"]
[EventDate "2024.??.??"]
[WhiteTeam "SF Neuberg"]
[BlackTeam "SK Bad Homburg 1927"]

1. e4 c5 2. Nf3 Nc6 3. Bb5 e6 4. Bxc6 bxc6 5. d3 d5 6. Nbd2 Ne7 7. b3 Ng6 8. Qe2 Nf4 9. Qf1 e5 10. Nxe5 dxe4 11. Nxe4 Qd4 12. Bxf4 Qxa1+ 13. Kd2 Qxf1 14. Rxf1 f6 15. Nc4 Be6 16. Re1 Bxc4 17. bxc4 g5 18. Nxg5+ Kd7 19. Ne4 Be7 20. Rb1 Ke6 21. Ng3 Bd6 22. Bxd6 Kxd6 23. Ne4+ Kc7 24. Nxf6 Rab8 25. Rb3 Rxb3 26. axb3 a5 27. Ne4 Rf8 28. Ke3 Kb6 29. f4 a4 30. bxa4 Ra8 31. f5 Rxa4 32. f6 Ra8 33. Kf4 Kc7 34. Ke5 Re8+ 35. Kf5 1-0

[Event "XXVI. Rhein-Main-Open, Gruppe A"]
[Site "Bad Homburg vor der Höhe"]
[Date "2024.05.30"]
[Round "4"]
[White "Calvi, Stefan"]
[Black "Jenisch, Achim"]
[Result "1-0"]
[WhiteElo "1971"]
[BlackElo "1948"]
[PlyCount "55"]
[EventDate "2024.??.??"]
[WhiteTeam "SV Oberursel"]
[BlackTeam "SF Botvinnik Steinsfurt"]

1. e4 e6 2. d3 d5 3. Qe2 dxe4 4. dxe4 e5 5. Nf3 Nc6 6. c3 Nf6 7. Qc2 a5 8. a4 Bc5 9. Be2 O-O 10. O-O b6 11. Bg5 Qe7 12. Nbd2 Bb7 13. Rfe1 Nd8 14. Bf1 Ne6 15. Bh4 Nf4 16. Nc4 Ng6 17. Bg3 Nd7 18. Ne3 Bxe3 19. Rxe3 Ba6 20. Bxa6 Rxa6 21. Rd1 Raa8 22. Ne1 Rfd8 23. Nd3 Nc5 24. Nxc5 Qxc5 25. Red3 Qe7 26. Qd2 Rxd3 27. Qxd3 f6 28. Qd5+ 1-0

[Event "XXVI. Rhein-Main-Open, Gruppe A"]
[Site "Bad Homburg vor der Höhe"]
[Date "2024.05.30"]
[Round "4"]
[White "Carow, Johannes"]
[Black "Haack, Kevin"]
[Result "1-0"]
[WhiteElo "2455"]
[BlackElo "2286"]
[PlyCount "89"]
[EventDate "2024.??.??"]
[WhiteTeam "Sfr.Heidesheim"]
[BlackTeam "SV 1920 Hofheim"]

1. Nf3 Nf6 2. c4 c5 3. Nc3 e6 4. g3 d5 5. cxd5 Nxd5 6. Bg2 Nc6 7. O-O Be7 8. Nxd5 Qxd5 9. d3 Qd6 10. Be3 e5 11. Nd2 Nd4 12. Nc4 Qe6 13. Bxd4 exd4 14. Qa4+ Qd7 15. Qxd7+ Kxd7 16. a3 Kc7 17. b4 cxb4 18. Rfc1 Be6 19. axb4 Bxb4 20. Rab1 a5 21. Nxa5+ Bc3 22. Rxb7+ Kd6 23. Rb6+ Kc5 24. Rcb1 Bb4 25. Rc6+ Kb5 26. Nc4 Rhb8 27. Rxe6 fxe6 28. Bxa8 Rxa8 29. Nd6+ Kc5 30. Ne4+ Kb5 31. Ng5 e5 32. Nxh7 Ra4 33. Ng5 Kc6 34. Ne4 Be7 35. Kg2 Ra8 36. h4 Kd7 37. Rb6 Ra2 38. Kf3 Ra8 39. Rg6 Rf8+ 40. Kg4 Rf7 41. Ra6 Rf8 42. h5 Rf7 43. Ra7+ Kd8 44. Ra5 Bf6 45. Ra8+ 1-0

[Event "XXVI. Rhein-Main-Open, Gruppe A"]
[Site "Bad Homburg vor der Höhe"]
[Date "2024.05.30"]
[Round "4"]
[White "Diedrichs, Ralf Christian"]
[Black "Novak, Volker"]
[Result "1/2-1/2"]
[WhiteElo "1932"]
[BlackElo "2125"]
[PlyCount "20"]
[EventDate "2024.??.??"]
[WhiteTeam "SG Holzminden"]
[BlackTeam "SK Bad Homburg 1927"]

1. e4 e5 2. Nf3 Nc6 3. Bb5 a6 4. Ba4 Nf6 5. d3 d6 6. c3 Be7 7. O-O O-O 8. Re1 Bd7 9. Nbd2 Re8 10. Nf1 h6 1/2-1/2

[Event "XXVI. Rhein-Main-Open, Gruppe A"]
[Site "Bad Homburg vor der Höhe"]
[Date "2024.05.30"]
[Round "4"]
[White "Dornblueth, Christian"]
[Black "Boersch, Dieter"]
[Result "1/2-1/2"]
[WhiteElo "1937"]
[BlackElo "1764"]
[PlyCount "54"]
[EventDate "2024.??.??"]
[WhiteTeam "SF Heidelberg"]
[BlackTeam "SK Bad Homburg 1927"]

1. d4 Nf6 2. c4 e6 3. Nc3 Bb4 4. e3 d5 5. Bd3 O-O 6. Nf3 c5 7. O-O cxd4 8. exd4 Nc6 9. Bg5 dxc4 10. Bxc4 h6 11. Be3 Qe7 12. Re1 Rd8 13. Qc2 Qc7 14. Bd3 Nd5 15. Bd2 Nxc3 16. bxc3 Bd6 17. Re4 Ne7 18. Qc1 f5 19. Re1 Ng6 20. c4 Bf4 21. g3 Bxd2 22. Qxd2 b6 23. Bf1 Qd6 24. Qe3 Nf8 25. Bg2 Bb7 26. Rad1 Rac8 27. Ne5 Bxg2 1/2-1/2

[Event "XXVI. Rhein-Main-Open, Gruppe A"]
[Site "Bad Homburg vor der Höhe"]
[Date "2024.05.30"]
[Round "4"]
[White "Drill, Frank"]
[Black "Ploder, Udo"]
[Result "1/2-1/2"]
[WhiteElo "2013"]
[BlackElo "1936"]
[PlyCount "45"]
[EventDate "2024.??.??"]
[WhiteTeam "SF Neuberg"]
[BlackTeam "SF Braunfels"]

1. d4 Nf6 2. Nc3 d5 3. e4 dxe4 4. f3 Bf5 5. fxe4 Nxe4 6. Qf3 Nxc3 7. bxc3 e6 8. Qxb7 Nd7 9. Nf3 Bd6 10. Bd3 Bxd3 11. cxd3 O-O 12. O-O h6 13. Bd2 Qe7 14. Qe4 Rab8 15. Qg4 Nf6 16. Qh4 Rb5 17. g4 Nh7 18. Qe1 Rb2 19. Rb1 Rfb8 20. Rxb2 Rxb2 21. Qe4 c5 22. dxc5 Bxc5+ 23. d4 1/2-1/2

[Event "XXVI. Rhein-Main-Open, Gruppe A"]
[Site "Bad Homburg vor der Höhe"]
[Date "2024.05.30"]
[Round "4"]
[White "Dubiel, Jacek"]
[Black "Foerster Yialamas, Lucas"]
[Result "1-0"]
[WhiteElo "2367"]
[BlackElo "2116"]
[PlyCount "103"]
[EventDate "2024.??.??"]
[WhiteTeam "SV Oberursel"]
[BlackTeam "Sabt Frankfurter TV 1860"]

1. e4 e5 2. Nf3 Nf6 3. Nxe5 d6 4. Nf3 Nxe4 5. Nc3 Nxc3 6. dxc3 Be7 7. Be3 Nd7 8. Qd2 Nf6 9. O-O-O c6 10. Bd3 d5 11. Bg5 O-O 12. Rhe1 Re8 13. h3 Be6 14. Nd4 Nd7 15. Nxe6 fxe6 16. Rxe6 Bxg5 17. Rxe8+ Qxe8 18. Qxg5 Nc5 19. Kd2 Nxd3 20. cxd3 Qf7 21. Qe3 d4 22. Qxd4 Qxa2 23. Qc4+ Qxc4 24. dxc4 Kf7 25. Ke3 Ke6 26. c5 a5 27. Rd6+ Ke7 28. Rd4 a4 29. Rb4 Ra7 30. Ke4 Ke6 31. f4 g6 32. g4 h5 33. Rd4 hxg4 34. hxg4 Ra5 35. Rd6+ Kf7 36. Rd7+ Ke6 37. Rd6+ Kf7 38. Rd7+ Ke6 39. Rg7 Kf6 40. Rxb7 Rxc5 41. g5+ Ke6 42. Rg7 Rc4+ 43. Kf3 a3 44. Rxg6+ Kd7 45. bxa3 Rxc3+ 46. Ke4 Rxa3 47. f5 Ra5 48. Re6 c5 49. g6 c4 50. g7 Ra8 51. Rh6 Rg8 52. f6 1-0

[Event "XXVI. Rhein-Main-Open, Gruppe A"]
[Site "Bad Homburg vor der Höhe"]
[Date "2024.05.30"]
[Round "4"]
[White "Falkenhainer, Sven"]
[Black "Shanawaz Thabrez, Shahzaib"]
[Result "1/2-1/2"]
[WhiteElo "1843"]
[BlackElo "1822"]
[PlyCount "81"]
[EventDate "2024.??.??"]
[WhiteTeam "SC Bergen-Enkheim 1922"]
[BlackTeam "SK Langen"]

1. e4 e5 2. Bc4 Nf6 3. d3 Nc6 4. Nc3 Be7 5. Nge2 O-O 6. O-O a6 7. a3 b5 8. Ba2 Bb7 9. Be3 h6 10. Qd2 Re8 11. f4 d6 12. Nd5 Ng4 13. c3 Nb8 14. h3 Nxe3 15. Nxe3 Rf8 16. Ng4 h5 17. Ne3 Nd7 18. Nf5 g6 19. Nh6+ Kg7 20. Nxf7 Rxf7 21. Bxf7 Kxf7 22. fxe5+ Kg7 23. e6 Nf6 24. Qe3 Qe8 25. Rf2 c5 26. Raf1 Qc6 27. Qg5 Rf8 28. Nf4 Qe8 29. Qg3 c4 30. Nd5 Bxd5 31. exd5 Qa8 32. dxc4 bxc4 33. Qg5 Qxd5 34. Qxd5 Nxd5 35. Rxf8 Bxf8 36. Rf7+ Kg8 37. Ra7 a5 38. Rxa5 Nc7 39. Ra4 d5 40. Ra5 Kg7 41. Kf1 1/2-1/2

[Event "XXVI. Rhein-Main-Open, Gruppe A"]
[Site "Bad Homburg vor der Höhe"]
[Date "2024.05.30"]
[Round "4"]
[White "Feick, Claas Marten"]
[Black "Miyake Siqueira, Pedro Henrique"]
[Result "0-1"]
[WhiteElo "1772"]
[BlackElo "1847"]
[PlyCount "88"]
[EventDate "2024.??.??"]
[WhiteTeam "SF Neuberg"]
[BlackTeam "SK Bad Homburg 1927"]

1. d4 d5 2. Bf4 c5 3. e3 cxd4 4. exd4 Nc6 5. Nc3 Bf5 6. g4 Bg6 7. Nf3 e6 8. a3 Nf6 9. Ne5 Bd6 10. Nb5 Bb8 11. h4 h5 12. Nxg6 fxg6 13. Bxb8 Rxb8 14. Qd3 hxg4 15. Qxg6+ Kf8 16. O-O-O Rh5 17. Qd3 a6 18. Nc3 Rc8 19. Bg2 Qd6 20. Qg3 Qe7 21. Rhe1 b5 22. Ne2 Rf5 23. Nf4 Kf7 24. Nxe6 Qxe6 25. Rxe6 Kxe6 26. Re1+ Kf7 27. Qd6 Nxd4 28. Qb6 Rxc2+ 29. Kb1 Rd2 30. Qc7+ Kg6 31. h5+ Kh6 32. Qc1 Rfxf2 33. Rd1 Nb3 34. Rxd2 Nxd2+ 35. Kc2 Rxg2 36. Qh1 Nf3+ 37. Kd3 Rxb2 38. Kc3 Rh2 39. Qc1+ Ng5 40. Qf4 Rxh5 41. Kd2 g3 42. Ke2 Rh2+ 43. Ke1 Nfe4 44. Kf1 Rf2+ 0-1

[Event "XXVI. Rhein-Main-Open, Gruppe A"]
[Site "Bad Homburg vor der Höhe"]
[Date "2024.05.30"]
[Round "4"]
[White "Fucik, Timo"]
[Black "Schultze, Joerg Martin"]
[Result "1/2-1/2"]
[WhiteElo "1996"]
[BlackElo "1936"]
[PlyCount "48"]
[EventDate "2024.??.??"]
[WhiteTeam "SK 1926 Ettlingen"]
[BlackTeam "SF Braunfels"]

1. d4 d5 2. Nf3 c5 3. dxc5 Nc6 4. e3 Bg4 5. c4 Nf6 6. cxd5 Nxd5 7. Bc4 e6 8. e4 Nf6 9. Qb3 Qd7 10. Nc3 Bxc5 11. Bg5 O-O 12. Bb5 Qc7 13. Bxc6 bxc6 14. O-O Bxf3 15. gxf3 Nh5 16. Ne2 Bd6 17. Qe3 f6 18. Bh4 Bxh2+ 19. Kg2 Bf4 20. Qc5 Qe5 21. Qxe5 Bxe5 22. Rac1 Rac8 23. Rc2 Rf7 24. Rd1 Kf8 1/2-1/2

[Event "XXVI. Rhein-Main-Open, Gruppe A"]
[Site "Bad Homburg vor der Höhe"]
[Date "2024.05.30"]
[Round "4"]
[White "Gaertner, Johannes"]
[Black "Hessler Carbonell, Louis"]
[Result "0-1"]
[WhiteElo "1853"]
[BlackElo "1874"]
[PlyCount "60"]
[EventDate "2024.??.??"]
[WhiteTeam "Sfr.Mainz 1928"]
[BlackTeam "SK Marburg 1931/72"]

1. d4 Nf6 2. c4 e6 3. Nc3 Bb4 4. Qc2 O-O 5. a3 Bxc3+ 6. Qxc3 b5 7. cxb5 c6 8. e3 cxb5 9. Bxb5 Ne4 10. Qd3 Bb7 11. Nh3 Nd6 12. O-O Nxb5 13. Qxb5 Ba6 14. Qh5 Bxf1 15. Kxf1 d5 16. Ng5 h6 17. Nf3 Nd7 18. g4 Nf6 19. Qh3 Ne4 20. Ne5 Qa5 21. f3 Qb5+ 22. Kg1 Ng5 23. Qg2 Rac8 24. h4 Nh7 25. f4 Qb3 26. g5 hxg5 27. hxg5 Rxc1+ 28. Rxc1 Qxe3+ 29. Kh2 Qxc1 30. g6 Qxf4+ 0-1

[Event "XXVI. Rhein-Main-Open, Gruppe A"]
[Site "Bad Homburg vor der Höhe"]
[Date "2024.05.30"]
[Round "4"]
[White "Giel, Olaf"]
[Black "Dubinker, Philipp"]
[Result "1/2-1/2"]
[WhiteElo "2083"]
[BlackElo "1921"]
[PlyCount "57"]
[EventDate "2024.??.??"]
[WhiteTeam "SF Bremer Osten Bgh. Mahndorf"]
[BlackTeam "SK Marburg 1931/72"]

1. d4 Nf6 2. Nf3 e6 3. e3 c5 4. Bd3 d5 5. c3 Nc6 6. Nbd2 Be7 7. O-O O-O 8. dxc5 Bxc5 9. e4 e5 10. Qe2 Bg4 11. exd5 Qxd5 12. Ne4 Rad8 13. Nxf6+ gxf6 14. Bc4 Qd7 15. Bh6 Rfe8 16. Rad1 Qf5 17. Bxf7+ Kxf7 18. Qc4+ Qe6 19. Qxc5 Bxf3 20. gxf3 Rg8+ 21. Kh1 Qh3 22. Qc4+ Kg6 23. Rxd8 Qxf3+ 24. Kg1 Rxd8 25. Be3 Ne7 26. Re1 Nd5 27. Qe2 Qxe2 28. Rxe2 Nxe3 29. fxe3 1/2-1/2

[Event "XXVI. Rhein-Main-Open, Gruppe A"]
[Site "Bad Homburg vor der Höhe"]
[Date "2024.05.30"]
[Round "4"]
[White "Gries, Volker"]
[Black "Gerhard, Dominik"]
[Result "1/2-1/2"]
[WhiteElo "2064"]
[BlackElo "1781"]
[PlyCount "21"]
[EventDate "2024.??.??"]
[WhiteTeam "SV Oberursel"]
[BlackTeam "SV Oberursel"]

1. e4 d5 2. exd5 Qxd5 3. Nc3 Qa5 4. d4 Nf6 5. Bc4 Bg4 6. Nge2 Nc6 7. O-O O-O-O 8. Qe1 Bxe2 9. Nxe2 Qxe1 10. Rxe1 e6 11. c3 1/2-1/2

[Event "XXVI. Rhein-Main-Open, Gruppe A"]
[Site "Bad Homburg vor der Höhe"]
[Date "2024.05.30"]
[Round "4"]
[White "Griesfeller, Sven"]
[Black "Fischer, Daniel"]
[Result "1/2-1/2"]
[WhiteElo "1741"]
[BlackElo "1977"]
[PlyCount "58"]
[EventDate "2024.??.??"]
[WhiteTeam "Schachdr. Büdingen-Wächtersbach"]

1. e4 c5 2. Nf3 g6 3. d4 cxd4 4. Nxd4 Nc6 5. c4 Nf6 6. Nc3 Nxd4 7. Qxd4 d6 8. Be2 Bg7 9. O-O O-O 10. Qd1 a5 11. Be3 Bd7 12. f3 Bc6 13. Qd2 Nd7 14. Rfd1 Nc5 15. b3 Be5 16. Rac1 e6 17. Bd4 Qe7 18. Nb5 Rfd8 19. Qc3 Bxb5 20. cxb5 Bxd4+ 21. Rxd4 e5 22. Rd2 Ne6 23. Bc4 Nd4 24. a4 b6 25. Bd5 Rab8 26. Qc7 Kf8 27. Kf1 Ne6 28. Qxe7+ Kxe7 29. Bxe6 fxe6 1/2-1/2

[Event "XXVI. Rhein-Main-Open, Gruppe A"]
[Site "Bad Homburg vor der Höhe"]
[Date "2024.05.30"]
[Round "4"]
[White "Henn, Jakob"]
[Black "Hinz, Andre"]
[Result "1/2-1/2"]
[WhiteElo "1760"]
[BlackElo "1855"]
[PlyCount "60"]
[EventDate "2024.??.??"]
[WhiteTeam "SC Bad Nauheim"]
[BlackTeam "SC Brett vorm Kopp Ffm"]

1. e4 e5 2. Nf3 Nf6 3. d4 Nxe4 4. Bd3 d5 5. Nxe5 Nd7 6. Nc3 Nxc3 7. bxc3 Nxe5 8. dxe5 Bc5 9. O-O Be6 10. Rb1 Bb6 11. Qf3 Qe7 12. Be3 O-O 13. Qg3 f6 14. exf6 Qxf6 15. Rfe1 Rae8 16. Bd4 Bxd4 17. cxd4 b6 18. Re5 c6 19. Rbe1 Bd7 20. c3 g6 21. h3 Kg7 22. Rxe8 Rxe8 23. Rxe8 Bxe8 24. Qc7+ Qf7 25. Qe5+ Kf8 26. Qh8+ Ke7 27. Qe5+ Qe6 28. Qg7+ Qf7 29. Qe5+ Qe6 30. Qg7+ Qf7 1/2-1/2

[Event "XXVI. Rhein-Main-Open, Gruppe A"]
[Site "Bad Homburg vor der Höhe"]
[Date "2024.05.30"]
[Round "4"]
[White "Henrich, Thomas"]
[Black "Hipler, Andreas"]
[Result "1-0"]
[WhiteElo "2087"]
[BlackElo "1884"]
[PlyCount "65"]
[EventDate "2024.??.??"]
[WhiteTeam "SK Marburg 1931/72"]
[BlackTeam "SK Gau-Algesheim"]

1. d4 Nf6 2. c4 e6 3. Nf3 Bb4+ 4. Bd2 Qe7 5. Qc2 O-O 6. e4 d5 7. e5 Ne4 8. Bd3 f5 9. cxd5 exd5 10. O-O Bxd2 11. Nbxd2 Nc6 12. Qb3 Nxd2 13. Nxd2 Nxd4 14. Qxd5+ Ne6 15. Nf3 Kh8 16. Rad1 Rd8 17. Qc4 Nc5 18. Bb1 Be6 19. Qf4 g6 20. h4 Kg7 21. Nd4 Rd7 22. Rd2 Rad8 23. Rfd1 Bd5 24. Bxf5 Rf8 25. Qg3 Rdd8 26. h5 Be4 27. hxg6 Bxf5 28. Nxf5+ Rxf5 29. gxh7+ Qg5 30. Rxd8 Kxh7 31. Qh3+ Kg6 32. Rg8+ Kf7 33. Qh7+ 1-0

[Event "XXVI. Rhein-Main-Open, Gruppe A"]
[Site "Bad Homburg vor der Höhe"]
[Date "2024.05.30"]
[Round "4"]
[White "Hoelss, Manuel"]
[Black "Uneken, Bert"]
[Result "0-1"]
[WhiteElo "1788"]
[BlackElo "1837"]
[PlyCount "60"]
[EventDate "2024.??.??"]
[WhiteTeam "SSG Hungen-Lich"]

1. e4 c6 2. d4 d5 3. exd5 cxd5 4. c4 Nf6 5. Nc3 e6 6. Bf4 a6 7. c5 Be7 8. Nf3 Nc6 9. Ne5 Nxe5 10. dxe5 Nd7 11. b4 O-O 12. Bd3 b6 13. Qc2 f5 14. exf6 Nxf6 15. Na4 bxc5 16. Nxc5 Ne4 17. Bxe4 Rxf4 18. Bxh7+ Kh8 19. Qd2 Bg5 20. Qd3 e5 21. Ne4 dxe4 22. Bxe4 Qxd3 23. Bxd3 Rxb4 24. O-O e4 25. Bc2 Be6 26. Rfe1 Bd5 27. Rad1 Rd8 28. a3 Rb2 29. Bxe4 Bxe4 30. Rxe4 Rxd1+ 0-1